| 000 | 00831nam a2200265Ia 4500 | ||
|---|---|---|---|
| 003 | GCL | ||
| 008 | 140319s9999 xx 000 0 ara d | ||
| 040 |
_aGCL / _cGCL |
||
| 082 | 0 | 4 |
_a614.88 _bه و |
| 100 | 1 | _aهشام أ0 برهانى | |
| 245 | 1 | 0 |
_aوقاية الاطفال من الحوادث فى الريف / _cهشام أ0 برهانى |
| 300 | _a150 ص | ||
| 490 |
_aالهيئة العامة للاستعلامات _v0 |
||
| 650 | 0 | 4 | _aالاسعافات الاولية |
| 650 | 0 | 4 | _aالحوادث |
| 650 | 0 | 4 | _aالصحة الوقائية |
| 650 | 0 | 4 | _aالتمريض |
| 650 | 0 | 4 | _aالتنفس الصناعى |
| 650 | 0 | 4 | _aالجروح |
| 650 | 0 | 4 | _aالحروق |
| 650 | 0 | 4 | _aالانقاذ |
| 650 | 0 | 4 | _aالحوادث - وقاية |
| 650 | 0 | 4 | _aالوقاية من الحوادث |
| 942 |
_2ddc _cBK |
||
| 999 |
_c48083 _d48083 |
||